[Event "TCh-BEL 2006-7"]
[Site "Belgium BEL"]
[Date "2006.11.05"]
[Round "3"]
[White "Goloshchapov,A"]
[Black "Dutreeuw,M"]
[Result "1-0"]
[WhiteElo "2552"]
[BlackElo "2384"]

1.e4 d5 2.exd5 Qxd5 3.Nc3 Qd6 4.d4 Nf6 5.Nf3 a6 6.g3 Bg4 7.Bg2 Nc6 8.h3 Bh5
9.Be3 O-O-O 10.Qe2 e6 11.O-O Nb4 12.g4 Bg6 13.Ne5 Nbd5 14.Nxd5 exd5 15.f4 Ne8
16.c4 f6 17.c5 Qe7 18.Nxg6 hxg6 19.f5 gxf5 20.gxf5 c6 21.Rae1 Nc7 22.Qg4 Qf7
23.Bf4 Be7 24.Bh2 Rde8 25.Qg3 Bd8 26.Bf3 Rxe1 27.Rxe1 Re8 28.Rxe8 Qxe8 29.Kf2 Qh8
30.h4 Qh6 31.Kg2 Kd7 32.Kh3 Nb5 33.Bg1 Nc7 34.Qe1 Qh8 35.Bh2 Qe8 36.Qg3 Qe7
37.a4 Qf7 38.b4 Qe7 39.Bh5 Kc8 40.Bg6 Kd7 41.Qd6+ Qxd6 42.Bxd6 Be7 43.Bf4 a5
44.bxa5 Na6 45.Bf7 Nb4 46.Be6+ Kd8 47.Bg3 Nc2 48.Bf2 Na1 49.Kg4 Nb3 50.Kh5 Ke8
51.Kg6 Kf8 52.a6 bxa6 53.Bc8 Bd8 54.Bxa6 Bc7 55.Be3 Na5 56.h5 Bd8 57.Bc8 Nc4
58.Bc1 Ba5 59.h6 gxh6 60.Bxh6+ Ke8 61.Bg7  1-0

[Event "TCh-AUT 2006-7"]
[Site "Graz AUT"]
[Date "2006.11.05"]
[Round "3"]
[White "Pilz,D"]
[Black "Kreindl,H"]
[Result "1-0"]
[WhiteElo "2325"]
[BlackElo "2235"]

1.e4 d5 2.exd5 Qxd5 3.Nc3 Qd6 4.Bc4 Nf6 5.h3 c6 6.Nf3 Bf5 7.d3 Nbd7 8.O-O h6
9.Re1 e6 10.Be3 Qc7 11.Nd4 Be7 12.Nxf5 exf5 13.Qf3 Nb6 14.Bc5 Nc8 15.Rxe7+ Nxe7
16.Re1  1-0

[Event "TCh-ROM Divizia A Masculin"]
[Site "Predeal ROM"]
[Date "2006.11.05"]
[Round "2"]
[White "Vysochin,S"]
[Black "Varga,Zo"]
[Result "1/2-1/2"]
[WhiteElo "2531"]
[BlackElo "2508"]

1.e4 d5 2.exd5 Qxd5 3.Nc3 Qd6 4.d4 Nf6 5.Nf3 c6 6.Bd3 Bg4 7.Be3 Nbd7 8.h3 Bh5
9.Qe2 e6 10.O-O-O Qc7 11.g4 Bg6 12.Bxg6 hxg6 13.d5 Nxd5 14.Nxd5 cxd5 15.Rxd5 Be7
16.Rd3 a6 17.Kb1 Rd8 18.Bd4 Nf6 19.g5 Nh5 20.Be5 Qc8 21.Rc3 Qa8 22.Rc7 Rc8
23.Rd1 Rxc7 24.Bxc7 Qc8 25.Qe5 f6 26.Qa5 O-O 27.h4 Rf7 28.gxf6 gxf6 29.Qb6 Kh7
30.Bd6 Bd8 31.Qe3 Ng7 32.Bb4 Rd7 33.Bd2 Qc6 34.Nd4 Qg2 35.f3 Bb6 36.Rg1 Qh2
37.Qh6+ Kg8 38.Qxg6 Bxd4 39.Qe8+ Kh7 40.Rxg7+ Rxg7 41.Qh5+ Kg8 42.Qe8+ Kh7  1/2-1/2

[Event "TCh-ROM Divizia A Masculin"]
[Site "Predeal ROM"]
[Date "2006.11.05"]
[Round "2"]
[White "Parligras,M"]
[Black "Burnoiu,N1"]
[Result "1-0"]
[WhiteElo "2511"]
[BlackElo "2419"]

1.e4 d5 2.exd5 Qxd5 3.Nc3 Qd6 4.d4 Nf6 5.Be3 c6 6.Qd2 Bf5 7.O-O-O e6 8.f3 Qc7
9.g4 Bg6 10.Nge2 h6 11.Nf4 Bh7 12.h4 Nbd7 13.g5 Nd5 14.Ncxd5 exd5 15.Bh3 O-O-O
16.Nh5 Bg6 17.Bf4 Bd6 18.Bxd6 Qxd6 19.Nxg7 hxg5 20.Qxg5 Kb8 21.h5 Bh7 22.Rde1 f6
23.Qd2 Nb6 24.h6 Ka8 25.b3 Qg3 26.Qe3 a6 27.Bf5 Rdf8 28.f4 Qxe3+ 29.Rxe3 Nc8
30.Bxh7 Rxh7 31.Nf5 Rg8 32.Ree1 Ka7 33.Rhg1 Ne7 34.Rxg8 Nxg8 35.Rh1 Kb6 36.c3  1-0

[Event "ch-Nassau"]
[Site "Mineola USA"]
[Date "2006.11.06"]
[Round "4"]
[White "Stenzel,H"]
[Black "Chipkin,L"]
[Result "1/2-1/2"]
[WhiteElo "2117"]
[BlackElo "2084"]

1.e4 d5 2.exd5 Qxd5 3.Nc3 Qd6 4.d4 Nf6 5.Nf3 a6 6.Be2 Nbd7 7.O-O e6 8.Bg5 Be7
9.Qd2 b5 10.a3 Bb7 11.Rad1 O-O 12.Rfe1 Nd5 13.Nxd5 Bxd5 14.Bf4 Qb6 15.Qc3 Rac8
16.b4 Qb7 17.Rd3 Nf6 18.Bf1 Be4 19.Rdd1 Nd5 20.Qd2 Nxf4 21.Qxf4 Bxc2 22.Rc1 Bg6
23.Qg4 Rfd8 24.Ne5 Bf6 25.Nxg6 hxg6 26.Red1 Rd5 27.g3 Qb6 28.Rc5 Rcd8 29.Qf4 Rxd4
30.Rxd4 Rxd4 31.Qxc7 Qxc7 32.Rxc7 Rd6 33.Rc8+ Bd8 34.h3 Kf8 35.Ra8 Ke7 36.Bg2 Bb6
37.Bb7 Rd1+ 38.Kg2 Rd2 39.Rxa6 Bxf2 40.Bc6 Bd4+ 41.Kf3 Ra2 42.Bxb5 Bb2 43.Ra7+ Kf8
44.a4 Bc3 45.Ra8+ Ke7 46.Bc4 Ra3 47.b5 Ba5+ 48.Ke2 Rxa4 49.Ra7+ Kf6 50.Bd3 Ra2+  1/2-1/2

[Event "TCh-ROM Divizia A Feminin"]
[Site "Predeal ROM"]
[Date "2006.11.06"]
[Round "3"]
[White "Teodorescu,A"]
[Black "Chirita,A"]
[Result "1/2-1/2"]
[WhiteElo "2126"]
[BlackElo "1972"]

1.e4 d5 2.exd5 Qxd5 3.Nc3 Qd8 4.d4 Nf6 5.Nf3 Bg4 6.Be3 e6 7.h3 Bxf3 8.Qxf3 c6
9.Bd3 Bb4 10.O-O O-O 11.Ne4 Nbd7 12.c4 Nxe4 13.Qxe4 Nf6 14.Qh4 Be7 15.g4 g6
16.Qg3 Qd6 17.Qxd6 Bxd6 18.f4 Rad8 19.f5 exf5 20.gxf5 Nh5 21.fxg6 fxg6 22.Bg5 Rxf1+
23.Rxf1 Rf8  1/2-1/2

[Event "10th OIBM"]
[Site "Bad Wiessee GER"]
[Date "2006.11.07"]
[Round "4"]
[White "Zozulia,A"]
[Black "Weisenburger,H"]
[Result "1-0"]
[WhiteElo "2363"]
[BlackElo "2141"]

1.e4 d5 2.exd5 Qxd5 3.Nc3 Qd6 4.d4 Nf6 5.Nf3 a6 6.Be2 Bf5 7.Ne5 Nc6 8.Nxc6 Qxc6
9.Bf3 Qb6 10.O-O O-O-O 11.Be3 Qxb2 12.Qe1 Qa3 13.Rb1 c6 14.Bf4 Bxc2 15.Rc1 Bd3
16.d5 g5 17.Be5 g4 18.Qe3 gxf3 19.Qb6 Rd6 20.Rb1 Bb5 21.Nxb5 axb5 22.Bxd6 Nxd5
23.Qd4 Qxd6 24.Qxh8 Qh6 25.Rb3 fxg2 26.Re1 Nf6  1-0

[Event "TCh-ROM Divizia A Feminin"]
[Site "Predeal ROM"]
[Date "2006.11.07"]
[Round "4"]
[White "Ciobanu,C"]
[Black "Gheorghe,C"]
[Result "1/2-1/2"]
[WhiteElo "2187"]
[BlackElo "2265"]

1.e4 d5 2.exd5 Qxd5 3.Nc3 Qd6 4.d4 c6 5.Bg5 Bf5 6.Qd2 e6 7.O-O-O Nd7 8.Nf3 Ngf6
9.a3 Qc7 10.Ne5 h6 11.Bh4 Bd6 12.f4 Nb6 13.g3 O-O-O 14.Qe1 Rdg8 15.Bxf6 gxf6
16.Nf3 Bg4 17.Rd3 Bxf3 18.Rxf3 f5 19.Kb1 Kb8 20.Bd3 Nd7 21.Ne2 Nf6 22.c4 Rd8
23.Bc2 Be7 24.Rb3 h5 25.h4 Rhg8 26.Rf1 Rd7 27.Rff3 Qd8 28.Rfd3 Ng4 29.Rd1 Bf6
30.Rbd3 Qb6 31.Ba4 Rgd8 32.c5 Qc7 33.Qg1 Bg7 34.Qg2 Nf6 35.Nc3 Ng4 36.Ne2 Nf6  1/2-1/2

[Event "10th OIBM"]
[Site "Bad Wiessee GER"]
[Date "2006.11.08"]
[Round "5"]
[White "Buchal,S"]
[Black "Kayser,Fe"]
[Result "1-0"]
[WhiteElo "2397"]
[BlackElo "2195"]

1.e4 d5 2.exd5 Qxd5 3.Nc3 Qd6 4.g3 Nc6 5.Bg2 Bf5 6.Nge2 Nf6 7.O-O Qd7 8.d3 e5
9.Bg5 Be7 10.Bxf6 Bxf6 11.Nd5 Bd8 12.f4 Bh3 13.Bxh3 Qxd5 14.Bg2 Qc5+ 15.Kh1 Bf6
16.fxe5 Bxe5 17.c3 Bd6 18.d4 Qh5 19.Qb3 Nd8 20.Nf4 Qh6 21.Rae1+ Kf8 22.Bd5 g6
23.Bxb7 Bxf4 24.Rxf4 Rb8 25.Qd5 Qh5 26.b4 Qxd5+ 27.Bxd5 c6 28.Bc4 Rb7 29.Rfe4 Kg7
30.Re7 Rf8 31.a4 Kf6 32.R7e5 Rc7 33.Ra5 Kg7 34.Kg2 f6 35.Kf3 Nf7 36.Bxf7 Rfxf7
37.Rc5  1-0

[Event "TCh-ROM Divizia A Feminin"]
[Site "Predeal ROM"]
[Date "2006.11.08"]
[Round "5"]
[White "Cosma,E"]
[Black "Foisor,C"]
[Result "0-1"]
[WhiteElo "2364"]
[BlackElo "2401"]

1.e4 d5 2.exd5 Qxd5 3.Nc3 Qd6 4.d4 a6 5.Be2 Nf6 6.Bf3 h6 7.Nge2 g5 8.Ne4 Nxe4
9.Bxe4 Nd7 10.h4 Nf6 11.Bd3 Rg8 12.hxg5 hxg5 13.c4 c5 14.dxc5 Qxc5 15.Be3 Qa5+
16.Qd2 Qxd2+ 17.Bxd2 Bg4 18.O-O-O O-O-O 19.Ba5 b6 20.f3 bxa5 21.fxg4 e6 22.Rhf1 Nxg4
23.Rxf7 Ne5 24.Bh7 Rxd1+ 25.Kxd1 Rh8 26.Rf1 Nxc4 27.Rf3 Bg7 28.Bd3 Nxb2+
29.Kc2 Nxd3 30.Rxd3 Kc7 31.Rg3 Bf6 32.Nc3 Rh4 33.Nd1 Ra4 34.Rf3 Be5 35.Re3 Kd6
36.Rd3+ Ke7 37.Kb3 Rg4 38.Rd2 a4+ 39.Kc2 Rc4+ 40.Kb1 Bd4 41.Rd3 e5 42.Ne3 Bxe3
43.Rxe3 e4 44.Rh3 Kf6 45.Rh6+ Kf5 46.Rxa6 e3 47.Ra5+ Kf4  0-1

[Event "10th OIBM"]
[Site "Bad Wiessee GER"]
[Date "2006.11.10"]
[Round "7"]
[White "Forchert,M"]
[Black "Kayser,Fe"]
[Result "1/2-1/2"]
[WhiteElo "2401"]
[BlackElo "2195"]

1.e4 d5 2.exd5 Qxd5 3.Nc3 Qd6 4.d4 Nf6 5.Nf3 a6 6.Be2 Nbd7 7.O-O e6 8.Bg5 Be7
9.Qd2 b5 10.Bf4 Qb6 11.Ne5 Bb7 12.Qe3 Nxe5 13.Bxe5 O-O 14.a4 b4 15.a5 Qa7
16.Na4 Bc6 17.Qg3 Rfc8 18.Rfd1 Be4 19.Rdc1 Bg6 20.Bf3 Rab8 21.Bc6 Bd6 22.Qf3 Be7
23.Qe2 Rd8 24.Qc4 Nd7 25.Bg3 Bf6 26.Rd1 h5 27.h4 Be7 28.Re1 Bd6 29.Re3 Nf6
30.Nc5 Ng4 31.Rb3 Bxc5 32.dxc5 Rd2 33.Rc1 Rbd8 34.Bf3 R8d4 35.Qf1 Bxc2 36.Bxg4 Bxb3
37.Bxh5 Ba4 38.Qe1 Qb8 39.Bf3 Qd8 40.Be5 Qxh4 41.Bxc7 R2d3 42.Bg3 Qd8 43.Qe5  1/2-1/2

[Event "TCh-NED 2006-7"]
[Site "Netherlands NED"]
[Date "2006.11.11"]
[Round "3"]
[White "Middelburg,T"]
[Black "Tiviakov,S"]
[Result "0-1"]
[WhiteElo "2419"]
[BlackElo "2668"]

1.e4 d5 2.exd5 Qxd5 3.Nc3 Qd6 4.g3 Nf6 5.Bg2 c6 6.Nf3 Bg4 7.O-O e6 8.a4 a5
9.b3 Be7 10.Qe1 Na6 11.Ne5 Nb4 12.Nxg4 Nxg4 13.Qe2 h5 14.Ba3 Qe5 15.Qxe5 Nxe5
16.Bxb4 axb4 17.Ne2 Ra5 18.c4 Nd3 19.Be4 Nc5 20.Bc2 e5 21.d4 exd4 22.Nxd4 Bf6
23.Rae1+ Kd7 24.Nf5 Nxb3 25.Rd1+ Kc7 26.Bxb3 Rxf5 27.Rd3 Re8 28.Rfd1 Re2
29.Rd7+ Kb6 30.f4 Bc3 31.c5+ Rxc5 32.Rxf7 Bf6 33.a5+ Rxa5 34.Bc4 Rc2 35.Bb3 Rb2
36.Be6 Ra8 37.Bh3 Raa2 38.Bf1 Rxh2  0-1

[Event "TCh-NED 2006-7"]
[Site "Netherlands NED"]
[Date "2006.11.11"]
[Round "3"]
[White "Willemze,J"]
[Black "Van der Vliet,F"]
[Result "1-0"]
[WhiteElo "2423"]
[BlackElo "2284"]

1.e4 d5 2.exd5 Qxd5 3.Nc3 Qd6 4.d4 Nf6 5.Nf3 g6 6.g3 Bg7 7.Bg2 O-O 8.O-O c6
9.Bf4 Qd8 10.Qd2 Nbd7 11.Bh6 Nb6 12.Bxg7 Kxg7 13.Rfe1 Qd6 14.b3 Be6 15.Ne2 Bd5
16.c4 Bxf3 17.Bxf3 Qc7 18.Nf4 Rad8 19.Qe3 Rfe8 20.h4 h6 21.Nd3 Qd7 22.Nc5 Qc8
23.Rad1 Nbd7 24.Nd3 Nf8 25.Ne5 a6 26.Kg2 Qe6 27.Qc3 Qc8 28.b4 Kg8 29.Qe3 Kg7
30.a4 Rd6 31.Qc3 Kg8 32.Qb3 Red8 33.b5 axb5 34.cxb5 Ne6 35.bxc6 bxc6 36.Rc1 Qa6
37.Nxf7 Kxf7 38.Rxe6 Rxe6 39.Rxc6 Qxc6 40.Bxc6 Rxd4 41.a5 Rd6 42.Bb7 Kg7
43.Qc4 Re5 44.a6 Ra5 45.Qc7 Raxa6 46.Qxe7+ Kh8 47.Bxa6 Rxa6 48.Qb7  1-0

[Event "TCh-ROM Divizia A Feminin"]
[Site "Predeal ROM"]
[Date "2006.11.11"]
[Round "8"]
[White "Peptan,C"]
[Black "Foisor,C"]
[Result "1/2-1/2"]
[WhiteElo "2428"]
[BlackElo "2401"]

1.e4 d5 2.exd5 Qxd5 3.Nc3 Qd6 4.g3 Nf6 5.Bg2 c5 6.d3 Bg4 7.Nge2 Nc6 8.h3 Bd7
9.O-O O-O-O 10.a4 Nd4 11.Nxd4 cxd4 12.Nb5 Qb6 13.c4 Bc6 14.Bf4 Ne8 15.a5 Qa6
16.Qh5 f6 17.Qf5+ Rd7 18.Bxc6 bxc6 19.Qe6 g5 20.Bd2 Ng7 21.Qe4 e5 22.Rfc1 Kd8
23.Na3 c5 24.Nb5 Qb7 25.Qxb7 Rxb7 26.a6 Rd7 27.f4 gxf4 28.gxf4 Nf5 29.fxe5 fxe5
30.Rf1 Rg8+ 31.Kh2 Ne3 32.Rg1 Rxg1 33.Rxg1 Rf7 34.Bxe3 dxe3 35.Re1 Bh6 36.Re2 Rf6
37.Nxa7 Rxa6 38.Nb5 Bf4+ 39.Kg2 Rg6+ 40.Kf3 Rg3+ 41.Ke4 Rxh3 42.Nc3 Kd7 43.Nd5 Kd6
44.b4 cxb4 45.Nxb4 Rh4 46.Nd5 Bh6+ 47.Kf3 Kc5 48.Nxe3 Rf4+ 49.Kg2 e4 50.dxe4 Rxe4
51.Kf3 Rf4+ 52.Kg3 Rf7 53.Ng4 Bf4+ 54.Kh4 Kxc4  1/2-1/2

[Event "TCh-ROM Divizia A Masculin"]
[Site "Predeal ROM"]
[Date "2006.11.11"]
[Round "8"]
[White "Valeanu,E"]
[Black "Foisor,O"]
[Result "1/2-1/2"]
[WhiteElo "2361"]
[BlackElo "2422"]

1.e4 d5 2.exd5 Qxd5 3.Nc3 Qd6 4.d4 Nf6 5.Nf3 a6 6.g3 b5 7.Bg2 Bb7 8.O-O e6
9.Bf4 Qb6 10.a4 Bd6 11.Bxd6 cxd6 12.axb5 axb5 13.Qe2 b4 14.Qb5+ Nbd7 15.Rxa8+ Bxa8
16.Qxb6 Nxb6 17.Nb5 Ke7 18.Ra1 Bc6 19.Ra6 Nfd7 20.Na7 Bb7 21.Ra5 Ra8 22.Nd2 Nd5
23.c4 bxc3 24.bxc3 Rb8 25.c4 Nc3 26.Bxb7 Rxb7 27.Nc8+ Kf8 28.Nxd6 Rb2 29.Nf3 f6
30.c5 Ke7 31.Ra8 Rb8 32.Ra7 g5 33.Kg2 Rb4 34.Nd2 Rxd4 35.N2c4 Nb5 36.Rb7 Nxd6
37.Nxd6 g4 38.Nc8+ Kd8 39.Na7 Ne5 40.Rxh7 Rc4 41.Nb5 f5 42.Nd6 Rc1 43.h3 gxh3+
44.Rxh3 Kd7 45.Rh7+ Kc6 46.Nb7 Rc2 47.Nd8+ Kd5 48.Re7 Ng4 49.Nxe6 Rxf2+ 50.Kg1 Rf3  1/2-1/2

[Event "TCh-NOR 2006-7"]
[Site "Oslo NOR"]
[Date "2006.11.12"]
[Round "3"]
[White "Fossan,P"]
[Black "Haugli,P"]
[Result "1-0"]
[WhiteElo "2282"]
[BlackElo "2321"]

1.e4 d5 2.exd5 Qxd5 3.Nc3 Qd6 4.Nf3 Nf6 5.d4 Bg4 6.Be2 c6 7.O-O Nbd7 8.h3 Bh5
9.Bg5 e6 10.Re1 Be7 11.Ne5 Bxe2 12.Qxe2 O-O 13.Rad1 Rad8 14.Rd3 Qb4 15.a3 Qb6
16.Nc4 Qa6 17.Rg3 Kh8 18.Ne5 Qxe2 19.Rxe2 Nxe5 20.dxe5 Nd5 21.Bxe7 Nxe7 22.Ne4 Nf5
23.Rc3 Rd1+ 24.Kh2 Rfd8 25.g4 Nd4 26.Rd2 Rxd2 27.Nxd2 Ne2 28.Rd3 Rxd3 29.cxd3 Nf4
30.d4 Nd3 31.Nc4 b5 32.Nd6 Nxb2 33.Nxf7+ Kg8 34.Nd8 Nc4 35.Nxc6 Nxa3 36.f4 g6
37.f5 gxf5 38.gxf5 exf5 39.d5 Nc4 40.d6 Nxe5 41.Nxe5 Kf8 42.Nc6 Ke8 43.Nxa7 b4
44.Kg3 Kd7 45.Nb5 b3 46.Kf4 b2 47.Na3 Kxd6 48.Nc4+  1-0

[Event "TCh-ROM Divizia A Feminin"]
[Site "Predeal ROM"]
[Date "2006.11.12"]
[Round "9"]
[White "Paulet,I"]
[Black "Chirita,A"]
[Result "1/2-1/2"]
[WhiteElo "2167"]
[BlackElo "1972"]

1.e4 d5 2.exd5 Qxd5 3.Nc3 Qd8 4.d4 Nf6 5.Nf3 Bg4 6.h3 Bxf3 7.Qxf3 c6 8.Be3 e6
9.O-O-O Bb4 10.Ne4 Nbd7 11.Nxf6+ Nxf6 12.Qg3 O-O 13.Bd3 Qd5 14.Kb1 Bd6 15.Qh4 Qh5
16.Qxh5 Nxh5 17.Be2 Nf4 18.Bf3 Nd5 19.Bd2 b5 20.Rc1 b4 21.Rhd1 Rab8 22.Ka1 Rfc8  1/2-1/2

[Event "Open"]
[Site "Liberec CZE"]
[Date "2006.11.14"]
[Round "4"]
[White "Peniska,P"]
[Black "Jaksa,C"]
[Result "1/2-1/2"]
[WhiteElo "2043"]
[BlackElo "1994"]

1.e4 d5 2.exd5 Qxd5 3.Nc3 Qd6 4.d4 Nf6 5.Nf3 a6 6.Be2 e6 7.O-O Be7 8.Bg5 Nbd7
9.Bh4 b5 10.Bg3 Qb6 11.Ne5 Bb7 12.Bf3 O-O 13.Bxb7 Qxb7 14.Qf3 Qxf3 15.Nxf3 Bd6
16.Rfe1 Bxg3 17.hxg3 c5 18.Rad1 cxd4 19.Rxd4 Nb6  1/2-1/2

[Event "Open"]
[Site "Liberec CZE"]
[Date "2006.11.15"]
[Round "6"]
[White "Simkin,A"]
[Black "Jaksa,C"]
[Result "1/2-1/2"]
[WhiteElo "1964"]
[BlackElo "1994"]

1.e4 d5 2.exd5 Qxd5 3.Nc3 Qd6 4.d4 Nf6 5.Nf3 a6 6.Be2 e6 7.O-O Nbd7 8.h3 b5
9.a3 Bb7 10.Be3 c5 11.Qd2 Be7 12.Rad1 Rd8 13.Qc1 Qc6 14.Ne1 O-O 15.Bf3 Qb6
16.Bxb7 Qxb7 17.Nf3 cxd4 18.Nxd4 Nb6 19.Nf3 Nbd5  1/2-1/2

[Event "Bundesliga 2006-7"]
[Site "Berlin GER"]
[Date "2006.11.18"]
[Round "3"]
[White "Baramidze,D"]
[Black "Muse,M"]
[Result "1/2-1/2"]
[WhiteElo "2585"]
[BlackElo "2443"]

1.e4 d5 2.exd5 Qxd5 3.Nc3 Qd6 4.d4 Nf6 5.Nf3 c6 6.Be3 Bf5 7.Qd2 e6 8.Ne5 Qd8
9.a3 Nbd7 10.Nxd7 Qxd7 11.Be2 Be7 12.O-O O-O 13.Bf3 Rfd8 14.Rfd1 Qc7 15.Qe2 Rd7
16.Rd2 Rad8 17.Rad1 h6  1/2-1/2

[Event "Bundesliga 2006-7"]
[Site "Berlin GER"]
[Date "2006.11.19"]
[Round "4"]
[White "Borriss,M"]
[Black "Muse,D"]
[Result "1-0"]
[WhiteElo "2455"]
[BlackElo "2412"]

1.e4 d5 2.exd5 Qxd5 3.Nc3 Qd6 4.d4 Nf6 5.Nf3 c6 6.Ne5 Be6 7.Bf4 Qd8 8.Be2 g6
9.h4 Bg7 10.h5 Nd5 11.Nxd5 Bxd5 12.Qd3 Nd7 13.O-O-O Bxg2 14.Nxf7 Kxf7 15.hxg6+ Kf8
16.Rxh7 Nf6 17.Rxh8+ Bxh8 18.Rg1 Be4 19.g7+ Bxg7 20.Qg3 Ne8 21.Be5 Bh6+ 22.Kb1 Qd5
23.Qh4 Bg7 24.Rg5 Nf6 25.Bxf6 Bxf6 26.Qh6+ Kf7 27.Rxd5 cxd5 28.Qh5+ Ke6 29.Bg4+ Kd6
30.Qh2+ Kc6 31.f3 Rh8 32.Qg2 Bg6 33.a4 Bxd4 34.Qe2 Bf6 35.Qb5+ Kc7 36.Qxd5 Rd8
37.Qc4+ Kb8 38.Ka2 a6 39.c3 Bd3 40.Qb4 Rd6 41.f4 Rc6 42.Bf3 Rc7 43.Bd5 Ka7
44.a5 Kb8 45.c4 Bf5 46.Qb6 Bc8 47.Qe3 Bf5 48.Be6 Bxe6 49.Qxe6 Rc6 50.Qg8+ Rc8
51.Qd5 Rh8 52.b4 Rh2+ 53.Kb3 Rb2+ 54.Ka3 Rb1 55.b5 axb5 56.cxb5 Rc1 57.b6 Kc8
58.Qg8+ Kd7 59.Qb8 Ra1+ 60.Kb4 Rb1+ 61.Kc4 Rc1+ 62.Kd3 Rc3+ 63.Kd2 Kc6 64.Qc7+ Kb5
65.Qxb7 Rc6 66.Kd3 Bc3 67.Qxc6+  1-0

[Event "ch-ESP Abierto"]
[Site "Leon ESP"]
[Date "2006.11.22"]
[Round "1"]
[White "Alsina Leal,D"]
[Black "Martinez Perez,J"]
[Result "1-0"]
[WhiteElo "2430"]
[BlackElo "2043"]

1.e4 d5 2.exd5 Qxd5 3.Nc3 Qd6 4.d4 Nf6 5.Nf3 a6 6.g3 Bg4 7.Bg2 Nc6 8.O-O O-O-O
9.d5 Nb4 10.h3 Bxf3 11.Qxf3 Nbxd5 12.Rd1 e6 13.Ne4 Qb4 14.Nxf6 gxf6 15.c3 Qc4
16.b3 Qxc3 17.Qxc3 Nxc3 18.Bxb7+ Kxb7 19.Rxd8 Bg7 20.Rxh8 Bxh8 21.Bb2 Nd5
22.Rc1 Bg7 23.Rc4  1-0

[Event "ch-ESP Abierto"]
[Site "Leon ESP"]
[Date "2006.11.23"]
[Round "2"]
[White "Diaz Rodriguez,J"]
[Black "Vigil Alvarez,L"]
[Result "0-1"]
[WhiteElo "2133"]
[BlackElo "2324"]

1.e4 d5 2.exd5 Qxd5 3.Nc3 Qd6 4.Bc4 Nf6 5.d3 a6 6.a4 Nc6 7.Nge2 g6 8.Bg5 Bg7
9.Qd2 h6 10.Bh4 O-O 11.O-O e5 12.Bxf6 Qxf6 13.f4 Be6 14.Bxe6 Qxe6 15.Rae1 Rae8
16.Ng3 f5 17.fxe5 Nxe5 18.d4 Qd7 19.d5 Nc4 20.Qf4 Nb6 21.Re6 Nxd5  0-1

[Event "19th Belgrade Trophy"]
[Site "Belgrade SRB"]
[Date "2006.11.24"]
[Round "3"]
[White "Dimitrijevic,R"]
[Black "Nestorovic,DN"]
[Result "0-1"]
[WhiteElo "2028"]
[BlackElo "2400"]

1.e4 d5 2.exd5 Qxd5 3.Nc3 Qd6 4.d4 Nf6 5.Nf3 a6 6.g3 Bg4 7.Bg2 c6 8.O-O e6
9.Bf4 Qd8 10.Qd3 Bxf3 11.Bxf3 Bd6 12.Bxd6 Qxd6 13.Rfe1 O-O 14.Ne4 Nxe4 15.Qxe4 Nd7
16.c3 Rfd8 17.Rad1 Qd5 18.b3 Qxe4 19.Bxe4 Nf6 20.f4 Rd7 21.Kf2 a5 22.Bf3 Nd5
23.Bxd5 cxd5 24.Ke3 Rc7 25.Kd3 b5 26.Rb1 g6 27.Rec1 a4 28.bxa4 Rxa4 29.Rc2 Rca7
30.Rxb5 Rxa2 31.Rcb2 Ra1 32.Rc5 h5 33.c4 R7a3+ 34.Kc2 dxc4 35.Rc8+ Kg7 36.Rc7 Rh1
37.Rbb7 Rxh2+ 38.Kb1 Rb3+ 39.Rxb3 cxb3 40.Rb7 Rd2 41.Rxb3 Rxd4 42.Kc2 h4  0-1

[Event "19th Belgrade Trophy"]
[Site "Belgrade SRB"]
[Date "2006.11.24"]
[Round "3"]
[White "Radovic,G"]
[Black "Milanovic,Da"]
[Result "1-0"]
[WhiteElo "2104"]
[BlackElo "2477"]

1.e4 d5 2.exd5 Qxd5 3.Nc3 Qd6 4.Nf3 Nf6 5.Qe2 c6 6.Ne4 Nxe4 7.Qxe4 Nd7 8.d4 Nf6
9.Qe5 Bg4 10.Be2 e6 11.Qxd6 Bxd6 12.h3 Bf5 13.c3 h6 14.Ne5 Rd8 15.O-O c5
16.Bb5+ Ke7 17.Nf3 Be4 18.dxc5 Bxc5 19.Nd2 Bf5 20.Re1 a6 21.Be2 Rd7 22.Nc4 Be4
23.Be3 Bxe3 24.Nxe3 Rd2 25.b3 Rc8 26.c4 Rcd8 27.Kf1 Kd6 28.Red1 Kc5 29.Rxd2 Rxd2
30.Ke1 Rd7 31.a3 a5 32.Rd1 Rxd1+ 33.Bxd1 Kd4 34.Kd2 Bd3 35.f3 h5 36.g3 Nd7
37.Bc2 Bxc2 38.Nxc2+ Kc5 39.Kc3 Ne5 40.b4+ axb4+ 41.axb4+ Kd6 42.Nd4 Ng6
43.h4 Ne7 44.Nb5+ Kd7 45.Nd4 e5 46.Ne2 Ke6 47.b5 Kd6 48.Kb4 b6 49.Nc3 f6
50.Ne4+ Kc7 51.c5 Nd5+ 52.Kc4 Ne3+ 53.Kb4 Nd5+ 54.Kc4 Ne3+ 55.Kb4 Nd5+ 56.Kc4  1-0

[Event "ch-ESP Abierto"]
[Site "Leon ESP"]
[Date "2006.11.24"]
[Round "3"]
[White "Tattersall,L"]
[Black "Franco Cazon,R"]
[Result "1-0"]
[WhiteElo "2254"]
[BlackElo "2012"]

1.e4 d5 2.exd5 Qxd5 3.Nc3 Qd6 4.d4 Nf6 5.Nf3 a6 6.h3 Nbd7 7.Be2 g6 8.O-O b5
9.a4 b4 10.Nb1 Bg7 11.c4 c5 12.Be3 Bb7 13.Nbd2 cxd4 14.Nxd4 e5 15.N4b3 Qc7
16.Nf3 Rd8 17.Qd2 a5 18.c5 Bd5 19.Qc2 O-O 20.Nfd2 Rfe8 21.Nc4 Be4 22.Qc1 Ra8
23.Nd6 Re7 24.Nxe4 Nxe4 25.Bf3 f5 26.Qc4+ Kh8 27.Bxe4 fxe4 28.Qxe4 Ree8 29.c6 Nf6
30.Qc4 Nh5 31.Rfd1 Red8 32.Rxd8+ Rxd8 33.g3 e4 34.Nd4 Nxg3 35.Ne6 Qf7 36.c7 Rc8
37.Rd1 Qf3 38.Rd8+ Bf8 39.Qd4+  1-0

[Event "19th Belgrade Trophy"]
[Site "Belgrade SRB"]
[Date "2006.11.26"]
[Round "5"]
[White "Runic,Z"]
[Black "Milanovic,Da"]
[Result "0-1"]
[WhiteElo "2418"]
[BlackElo "2477"]

1.e4 d5 2.exd5 Qxd5 3.Nc3 Qd6 4.d4 Nf6 5.Be2 Bf5 6.Bf3 c6 7.Nge2 e6 8.Bf4 Qd8
9.Ng3 Bg6 10.h4 h6 11.h5 Bh7 12.Qd2 Bb4 13.a3 Ba5 14.b4 Bc7 15.Nce2 Bxf4
16.Nxf4 O-O 17.Rd1 a5 18.O-O axb4 19.Qxb4 b5 20.c3 Ra4 21.Qb2 Qd6 22.Nd3 Bxd3
23.Rxd3 Nbd7 24.Bd1 Rxa3 25.Qd2 Rfa8 26.Bc2 Ra2 27.Rf3 Qd5 28.Qd3 R8a3 29.Bb1 Rb2
30.Rc1 b4 31.Qd1 Rxc3 32.Rfxc3 bxc3 33.Rxc3 Rb4 34.Rd3 Qb5 35.Bc2 Qd5 36.Bb3 Qd6
37.Qd2 Kf8 38.Bd1 Nb6 39.Bf3 Nbd5 40.Ne2 Rb1+ 41.Nc1 Qb4 42.Qd1 Qc4  0-1

[Event "ch-ESP Abierto"]
[Site "Leon ESP"]
[Date "2006.11.26"]
[Round "5"]
[White "Fernandez de Pablo,M"]
[Black "Martinez Perez,J"]
[Result "1-0"]
[WhiteElo "2200"]
[BlackElo "2043"]

1.e4 d5 2.exd5 Qxd5 3.Nc3 Qd6 4.d4 Nf6 5.Nf3 a6 6.h3 Nc6 7.Bc4 b5 8.Bb3 Bb7
9.O-O e6 10.d5 exd5 11.Nxd5 Nxd5 12.Qxd5 Qxd5 13.Bxd5 Rd8 14.Re1+ Be7 15.Be4 Na5
16.Bf4 Bxe4 17.Rxe4 Rc8 18.Rae1 Nc6 19.Ne5 Nd8 20.Ng6  1-0

[Event "ch-ESP Abierto"]
[Site "Leon ESP"]
[Date "2006.11.29"]
[Round "8"]
[White "Garcia Garcia,R"]
[Black "Vigil Alvarez,L"]
[Result "1-0"]
[WhiteElo "2289"]
[BlackElo "2324"]

1.e4 d5 2.exd5 Qxd5 3.Nc3 Qd6 4.d4 Nf6 5.Nf3 c6 6.Ne5 Nbd7 7.Bf4 Nd5 8.Nxd5 Qxd5
9.Nf3 Nf6 10.Be2 Bg4 11.O-O e6 12.c4 Qd8 13.Qb3 Qb6 14.Qxb6 axb6 15.h3 Bh5
16.g4 Bg6 17.Ne5 Rd8 18.Rad1 Bd6 19.h4 h6 20.Nxg6 fxg6 21.Be3 Bc7 22.Kg2 Kf7
23.h5 gxh5 24.gxh5 Rd7 25.Bf3 Rhd8 26.a4 Ra8 27.b3 Ra5 28.Rh1 Ke7 29.Bd2 Ra8
30.Bc3 Re8 31.Rhe1 Kf8 32.Rd2 Kf7 33.Rde2 Rdd8 34.b4 Ra8 35.Ra1 Bd6 36.b5 cxb5
37.axb5 Rxa1 38.Bxa1 Rc8 39.Rc2 Rc7 40.Bd1 Nd7 41.Bb2 Be7 42.Bc1 Bd6 43.Be3 Ke7
44.f4 Rc8 45.Bf3 Rc7 46.Be2 Rc8 47.Ra2 Kd8 48.Ra7 Kc7 49.Bf3 Rb8 50.Bc6 Be7
51.f5 exf5 52.Bf4+ Bd6 53.Bxb7 Bxf4 54.Bc6+ Kd6 55.Rxd7+ Ke6 56.Kf3 Bg5 57.Rxg7 Rd8
58.Rg6+ Ke7 59.Bd5 Rd6 60.Rg7+ Kd8 61.Rf7 Rf6 62.Rh7 Rd6 63.Ke2 Rd7 64.Rh8+ Kc7
65.Kd3 Rd8 66.Rh7+ Rd7 67.Rxd7+ Kxd7 68.c5 Kc7 69.Kc4 Be3 70.Be6 f4 71.Bg4 Bf2
72.Bf3 Be3 73.Kd5 Bf2 74.c6 Be1 75.Ke6 Bb4 76.Kf7  1-0

[Event "ch-ESP Abierto"]
[Site "Leon ESP"]
[Date "2006.11.29"]
[Round "8"]
[White "Jimenez de la Torre,J"]
[Black "Santos Latasa,J"]
[Result "1-0"]
[WhiteElo "2162"]
[BlackElo "1784"]

1.e4 d5 2.exd5 Qxd5 3.Nc3 Qd6 4.Nf3 Nf6 5.d4 a6 6.a3 e6 7.Bd3 Nbd7 8.b4 b5
9.O-O Bb7 10.Qe2 Be7 11.Bb2 O-O 12.Rad1 c6 13.Ne5 a5 14.bxa5 Rxa5 15.g4 Nd5
16.Ne4 Qc7 17.Nxd7 Qxd7 18.Nc5 Bxc5 19.dxc5 f6 20.Rfe1 e5 21.c4 bxc4 22.Bxc4 Kh8
23.f4 exf4 24.Kh1 Raa8 25.g5 Rae8 26.gxf6 Nxf6 27.Rxd7 Rxe2 28.Rxe2 Nxd7
29.Re7 Nf6 30.Bxf6 gxf6 31.Rxb7 Re8 32.Bd3 f3 33.Kg1 Re3 34.Rxh7+ Kg8 35.Rd7 Re5
36.Rd6 Rxc5 37.Rxf6 Rc3 38.Rxf3 Kg7 39.Be4 Rc1+ 40.Kg2 c5 41.a4 c4 42.Rf2 Ra1
43.Bc6 c3 44.Rc2 Ra3 45.Kf3 Kf6 46.Ke3 Ke5 47.Kd3 Kd6 48.h4 Ra1 49.Kxc3 Rh1  1-0

[Event "29th ch-GRE w"]
[Site "Athens GRE"]
[Date "2006.11.30"]
[Round "6"]
[White "Fakhiridou,E"]
[Black "Pavlogianni,D"]
[Result "1-0"]
[WhiteElo "2285"]
[BlackElo "1951"]

1.e4 d5 2.exd5 Qxd5 3.Nc3 Qd6 4.d4 Nf6 5.g3 a6 6.Bg2 e6 7.Nf3 c5 8.O-O Nc6
9.Be3 cxd4 10.Nxd4 Nxd4 11.Bxd4 Be7 12.Na4 O-O 13.Nb6 Rb8 14.Nxc8 Rfxc8 15.Ba7 Qb4
16.Bxb8 Rxb8 17.Qc1 Ne4 18.Qf4  1-0

[Event "19th Belgrade Trophy"]
[Site "Belgrade SRB"]
[Date "2006.11.30"]
[Round "9"]
[White "Stojanovic,Da"]
[Black "Nestorovic,DN"]
[Result "1/2-1/2"]
[WhiteElo "2469"]
[BlackElo "2400"]

1.e4 d5 2.exd5 Qxd5 3.Nc3 Qd6 4.d4 Nf6 5.Nf3 a6 6.Bd3 Nc6 7.O-O Bg4 8.Ne4 Nxe4
9.Bxe4 e6 10.c3 f5 11.Bc2 O-O-O 12.h3 Bh5 13.Qd3 Be7 14.Re1 Bf6 15.Ng5 Rde8
16.Qg3 Qd7 17.Bb3 Nd8 18.Nf3 Bxf3 19.Qxf3 g5 20.Qh5 Rhg8 21.Bd2 g4 22.Re2 gxh3
23.Qxh3 Rg4 24.Rae1 Qd6 25.Qh2 Qd7 26.f3 Rh4 27.Qg3 Qf7 28.Bg5 Rh5 29.Bxf6 Qxf6
30.d5 f4 31.Qg4 Rh4 32.Rxe6 Nxe6 33.Rxe6 Rxg4 34.Rxf6 Rg3  1/2-1/2